Римляните (Запис номер 65965)
[ съкратено ]
| 000 -Лидер | |
|---|---|
| Контролно поле с фиксирана дължина | 01676nam a2200421 a 4500 |
| 003 - Код на организацията, давaща контролен номер | |
| Контролно поле | BLK |
| 005 - Дата и час на последна редакция | |
| Контролно поле | 20241030120502.0 |
| 008 - Елементи от данни с фиксирана дължина | |
| fixed length control field | 180408b bul|||||r ||||||| ||bul|| |
| 010 ## - Наследен системен номер | |
| LC control number | KNG00070250000 |
| 020 ## - Международен стандартен номер на книга ISBN | |
| Международен стандартен номер на книга ISBN | 954-657-613-1 |
| 040 ## - Източник на каталожния запис | |
| Идентификатор на билиотеката - собственик на записа | BLK |
| 041 ## - Код за език | |
| Код за езика на текст/звукозапис или на отделно заглавие | Български |
| Код за езика КДБФ | Български |
| 080 ## - УДК | |
| Текстов определител УДК | История на Рим (до 476 г. н. е.). Древен Рим |
| УДК код - определител по УДК | 94(37) |
| УДК - код + определител | 94(37) |
| 080 ## - УДК | |
| Текстов определител УДК | История на цивилизацията. История на културата |
| УДК код - определител по УДК | 930.85 |
| УДК определител | (37) |
| УДК - код + определител | 930.85(37) |
| 139 ## - Редно поле | |
| Редна дума | Босие, Силви |
| Авторски знак | Бос - Б 68 |
| 245 10 - Сведения за заглавието | |
| Заглавие | Римляните |
| Подзаглавни данни | Блясъкът на древните цивилизации |
| Редно поле (дума) | текст Силви Босие; състав. Емили Бомон; прев. Деметра Куманова Дулева. |
| 257 ## - Страна на издаване | |
| Страна на създаване/издаване | Франция |
| 260 ## - Област на издателските данни | |
| Име на издателя, разпространителя и проч. | ПАН |
| Година на издаване | 2006 |
| Печатница | София : Д. Благоев |
| Място на издаване, разпространение и проч. | София |
| 300 ## - Физическа характеристика | |
| Страници | 24 с. |
| Илюстрации и др. | с цв. ил. |
| Размери/Мащаб | 29 см |
| 380 ## - Жанр | |
| Жанр | Детска отраслова лит. |
| 490 ## - СЕРИИ (Колекции) | |
| Име на серия | Илюстрована енциклопедия |
| 9 (RLIN) | 201699 |
| 500 ## - Общи забележки | |
| Забележка | Ориг. загл. Les Romains |
| 650 #4 - Допълнително описание по предмет – тема | |
| Основно описание – тема или топоним | История - Древен Рим |
| 9 (RLIN) | 251210 |
| 650 #4 - Допълнително описание по предмет – тема | |
| Основно описание – тема или топоним | Древен Рим - култура |
| 9 (RLIN) | 292713 |
| 653 ## - Ключова дума – ненормативна | |
| Ключова дума | Древен Рим |
| 653 ## - Ключова дума – ненормативна | |
| Ключова дума | история |
| 653 ## - Ключова дума – ненормативна | |
| Ключова дума | култура |
| 700 1# - Други автори (авторска отговорност) | |
| Лично име | Босие, Силви |
| Автороска отговорност (Описва отношението между автора и произведението) | текст |
| 9 (RLIN) | 41979 |
| 700 ## - Други автори (авторска отговорност) | |
| Лично име | Бомон, Емили |
| 9 (RLIN) | 368530 |
| 700 1# - Други автори (авторска отговорност) | |
| Лично име | Дулева, Деметра Куманова |
| Автороска отговорност (Описва отношението между автора и произведението) | прев. |
| 9 (RLIN) | 363390 |
| 852 ## - Местоположение | |
| Форматна сигнатура | Цб ІІ 14199 |
| Фондова буква | Хранилище |
| 856 4# - Електронен адрес и достъп | |
| Електронен формат | pdf - файл |
| 856 4# - Електронен адрес и достъп | |
| Електронен формат | pdf - файл |
| 999 ## - СИСТЕМНИ КОНТРОЛНИ НОМЕРА | |
| Koha biblionumber | 65965 |
| Koha biblioitemnumber | 65965 |
| 942 ## - АРТИКУЛИ | |
| Вид на библиотечния материал | Книги |
| Скрит в OPAC | Не |
| Koha issues (borrowed), all copies | 4 |
| Периодичен библиозапис | Да |
| 944 ## - СЪЗДАВАНЕ И РЕДАКЦИЯ на ЗАПИСА | |
| Създаване/Редакция | Създаване |
| Дата на регистрацията/редакция | 27.12.2006 |
| Служител, извършил регистрацията/редакцията | 30540 |
| Статус, дата на статуса | Севдалина Тодорова |
| 944 ## - СЪЗДАВАНЕ И РЕДАКЦИЯ на ЗАПИСА | |
| Създаване/Редакция | Редакция |
| Дата на регистрацията/редакция | 15.04.2013 |
| 999 ## - СИСТЕМНИ КОНТРОЛНИ НОМЕРА | |
| Koha biblioitemnumber | 65965 |
| Код за отписване | Код за изгубен артикул | Източник на класификационната схема | Код за повреда | Коз за рестрикции | Код за отдаване | Артикулен № | Име на библиотеката - собственик | Име на библиотеката, в която се намира в момента | Статус (Текущо местоположение) | Дата на вписване в системата | Местоположение - отдел | Цена в лева | Инвентарен номер | Систематично азбучна сигнатура | Баркод | Номер на екземпляра | Цена в евро | Служебна бележка | Служебен тип на артикула |
|---|---|---|---|---|---|---|---|---|---|---|---|---|---|---|---|---|---|---|---|
| Не е изгубен | Universal Decimal Classification | Не е повреден | без рестрикции | заемане за дома | 108963 | Регионална библиотека "Любен Каравелов" Русе | Регионална библиотека "Любен Каравелов" Русе | Детски отдел | 2006-12-27 | Детски отдел | 11.90 | 120000707892 | ДН 94(3)/Б 68 | 120000707892 | 1 | 6.08 | Дост: Pk Вид: Ф N: 47554 Дата: 20.12.2006 Дата инв: 25.08.2015 Бележки инв: Д2015 | Книги | |
| Не е изгубен | Universal Decimal Classification | Не е повреден | без рестрикции | заемане за дома | 108964 | Регионална библиотека "Любен Каравелов" Русе | Регионална библиотека "Любен Каравелов" Русе | Детски отдел | 2008-01-30 | Детски отдел | 11.90 | 120000722794 | ДН 94(3)/Б 68 | 120000722794 | 2 | 6.08 | Дост: DA Вид: А N: 1 Дата: 30.01.2008 Дата инв: 25.08.2015 Бележки инв: Д2015 | Книги | |
| Не е изгубен | Universal Decimal Classification | Не е повреден | само за читалня | ползва се в читалня | 108965 | Регионална библиотека "Любен Каравелов" Русе | Регионална библиотека "Любен Каравелов" Русе | Хранилище | 2012-11-06 | Хранилище | 11.90 | 120000760830 | Цб ІІ 14199 | 120000760830 | 3 | 6.08 | Дост: Dp Вид: Д N: 35 Дата: 29.08.2011 | Книги |